000
00270nam a22001217a 4500
008
180829b xxu||||| |||| 00| 0 eng d
041
_a
eng
080
_a
710
100
_a
45
101
_a
ART
245
_a
What makes a Degas a Degas?
_c
Muhlberger, R
942
_2
udc
_c
BK
999
_c
47388
_d
47388